000 00614nam a22002177a 4500
999 _c6381
_d6381
003 OSt
005 20191119101109.0
008 191119b ||||| |||| 00| 0 eng d
020 _a9781138729186
040 _cDDC
082 _a333.9 WAT 2020
100 _aMehta, Lyla; [et...al]
_913060
245 _aWater for Food Security, Nutrition and Social Justice
260 _aLondon;
_bRoutledge,
_c2020
300 _axviii,214p;
_bIll:
_c23.5cm
504 _aNotes, References, & Index included
650 _aFood security
_913061
650 _aSocial justices
_913062
650 _aWater
_99
942 _2ddc
_cO_SHELF